| 000 | 01208cam a2200313 a 4500 | ||
|---|---|---|---|
| 005 | 20160527123511.0 | ||
| 008 | 160527s2012 ne fr 001 0 eng d | ||
| 010 | _a2012419435 | ||
| 020 | _a9789041137296 | ||
| 029 | 1 |
_aAU@ _b000049295683 |
|
| 035 |
_a(OCoLC)793727973 _z(OCoLC)794366909 |
||
| 040 |
_aCO-BoUCM _bspa _cSandra Palacio _dSandra Palacio |
||
| 041 | 1 | _aeng | |
| 100 | 1 |
_aDiederiks-Verschoor, I. H. Philepina _q(Isabella Henrietta Philepina) _d1915- _977447 |
|
| 245 | 1 | 3 |
_aAn introduction to air law _cI.H. Ph. Diederiks-Verschoor ; revisado por Pablo Mendes de Leon en cooperación con Michael Butler |
| 246 | 3 | 0 | _aAir law |
| 250 | _a9th ed | ||
| 260 |
_aAlphen aan den Rijn (Holanda) _bWolters Kluwer Law & Business _c2012 |
||
| 300 | _axxvi, 429 páginas | ||
| 650 | 7 |
_aAeronáutica _xLegislación _98658 |
|
| 650 | 7 |
_aEspacio aéreo (Derecho internacional) _914878 |
|
| 650 | 7 |
_aSoberanía _924689 |
|
| 650 | 7 |
_aDerecho aéreo _912699 _xEconomía |
|
| 690 |
_aDerecho internacional _912776 |
||
| 700 | 1 |
_aLeon, Pablo Mendes de, _d1954- _977448 |
|
| 700 | 1 |
_aButler, M. A. _977449 |
|
| 942 |
_2DEWEY _cLIBRO _a8 _e1 _h341.7567 _mM538in |
||
| 999 |
_c303414 _d303414 |
||